000
002830000a22000970004500
100
1
_a
Martini, Romeu Ruben
245
1
0
_a
O novo livro de culto da IECLB : Antecedentes, princípios e orientaçao básica
300
_a
Num. 10 (Mayo, 2003), Páginas 10-12
773
0
_t
TEAR
942
_c
ANA
999
_c
55811
_d
55811